| 000 | 00375nam a2200157Ia 4500 | ||
|---|---|---|---|
| 008 | 170203s9999 xx 000 0 und d | ||
| 020 | _a0-590503170 | ||
| 050 | _aFic | ||
| 050 | _b.B852c 1995 | ||
| 100 | _aBridwell, Norman | ||
| 245 | _aClifford's First Halloween / | ||
| 260 | _aNew York : | ||
| 260 | _bScholastic Inc., | ||
| 260 | _c1995 | ||
| 300 | _bcol. ill. ; | ||
| 999 |
_c305995 _d305995 |
||